000 00318nam a2200109Ia 4500
008 220204s9999 xx 000 0 und d
082 _a930.85 (55)
_bIRV
100 _aIrving, Clive
245 0 _aCrossroads of civilization: 3000 years of persian history
260 _aLondon
_bWeidenteld and Nicolson
_c1979
942 _cBK
999 _c33264
_d33264